|
|
|
|
| LEADER |
01043nam a2200241 a 4500 |
| 001 |
GR-MES18 |
| 008 |
991111s1990 mau 000 b eng d |
| 020 |
|
|
|a 0849363748
|
| 040 |
|
|
|a GrPaTEI
|b gre
|c GR-PaULI
|
| 245 |
0 |
0 |
|a Culture of nonsalmonid freshwater fishes.
|
| 260 |
|
|
|a Boston :
|b CRC,
|c 1990 c1986
|
| 300 |
|
|
|a vii, 201σελ. :
|b εικ.
|
| 504 |
|
|
|a Βιβλιογραφία : σελ. 159-188
|
| 650 |
|
4 |
|a Γλυκά νερά
|
| 650 |
|
4 |
|a Ιχθυοκαλλιέργεια
|
| 650 |
|
4 |
|a Ψάρια
|
| 700 |
1 |
|
|a Stickney, Robert R.
|
| 710 |
0 |
|
|a CRC
|
| 942 |
|
|
|2 ddc
|
| 952 |
|
|
|0 0
|1 0
|2 ddc
|4 0
|6 639_372000000000000_STI
|7 0
|9 263260
|a MSLG
|b MSLG
|c BSC
|d 2021-01-17
|e 24
|f 0
|g 0.00
|l 0
|o 639.372 STI
|p 2420000003740
|r 2021-01-17 00:00:00
|t 1
|w 2021-01-17
|y BK15
|x 19991111 0 1
|x GrPaTEI
|
| 952 |
|
|
|0 0
|1 0
|2 ddc
|4 0
|6 639_372000000000000_STI
|7 0
|9 263261
|a MSLG
|b MSLG
|c BSC
|d 2021-01-17
|e 24
|f 0
|g 0.00
|l 0
|o 639.372 STI
|p 2420000011692
|r 2021-01-17 00:00:00
|t 1
|w 2021-01-17
|y BK15
|x 19991111 0 1
|x GrPaTEI
|
| 971 |
|
|
|a .b2571059x
|b 15-04-20
|c 13-09-16
|
| 999 |
|
|
|c 151518
|d 151518
|